| 000 | 01757 a2200289 4500 | ||
|---|---|---|---|
| 003 | Nust | ||
| 005 | 20221124142246.0 | ||
| 010 | _a 99021139 | ||
| 020 | _a0073039381 (acid-free paper) | ||
| 035 | _a(DLC) 99021139 | ||
| 040 | _cNust | ||
| 082 | 0 | 0 | _a515.723, BRA |
| 100 | 1 |
_aBracewell, Ronald N. _9103530 |
|
| 245 | 1 | 4 |
_aThe Fourier transform and its applications / _cRonald N. Bracewell. |
| 250 | _a3rd ed. | ||
| 260 |
_aBoston : _bMcGraw Hill, _cc2000. |
||
| 300 |
_axx, 616 p. : _bill. ; _c25 cm. |
||
| 440 | 0 |
_aMcGraw-Hill series in electrical and computer engineering. _934577 |
|
| 505 | _aIntroduction (Page -1), Groundwork (Page -5), Convolution (Page -24), Notation for some useful Functions (Page -55), The Impulse Symbol (Page -74),The Basic Theorems (Page -105), Obtaining Transforms (Page -136), The Two Domains (Page -151), Waveforms, Spectra, Filters and Linearity (Page -198), Sampling and Series (Page -219),The Discrete Fourier Transform and the FFT (Page -258), The Discrete Hartley Transform (Page -293), Relatives of the Fourier Transform (Page- 329), The Laplace Transform (Page -380),Antennas and Optics (Page -406), Applications in Statistics (Page- 428), Random Waveforms and Noise (Page -446),Heat Conduction and Diffusion (Page- 475), Dynamic Power Spectra (Page -489), | ||
| 650 | 0 |
_aFourier transformations. _9103278 |
|
| 650 | 0 |
_aHarmonic analysis. _939183 |
|
| 650 | 0 |
_aTransformations (Mathematics) _939233 |
|
| 856 | 4 | 2 |
_3Contributor biographical information _uhttp://www.loc.gov/catdir/bios/mh042/99021139.html |
| 856 | 4 | 2 |
_3Publisher description _uhttp://www.loc.gov/catdir/description/mh023/99021139.html |
| 856 | 4 | 2 |
_3Table of contents _uhttp://www.loc.gov/catdir/toc/mh023/99021139.html |
| 942 |
_2ddc _cBK |
||
| 999 |
_c175355 _d175355 |
||